The autobiography of American business: the story told by those who make it (Record no. 84473)
[ view plain ]
| 000 -LEADER | |
|---|---|
| fixed length control field | 00755nam a2200169 a 4500 |
| 008 - FIXED-LENGTH DATA ELEMENTS--GENERAL INFORMATION | |
| fixed length control field | 120416s1975 ||||||||||||||||| || u |
| 050 ## - LIBRARY OF CONGRESS CALL NUMBER | |
| Classification number | HF 5391 Aut |
| 100 ## - MAIN ENTRY--PERSONAL NAME | |
| Personal name | Brooks, John |
| 245 14 - TITLE STATEMENT | |
| Title | The autobiography of American business: the story told by those who make it |
| Statement of responsibility, etc. | edited by John Brooks |
| 260 ## - PUBLICATION, DISTRIBUTION, ETC. | |
| Place of publication, distribution, etc. | New York: |
| Name of publisher, distributor, etc. | Anchor Books |
| Date of publication, distribution, etc. | 1975 |
| 300 ## - PHYSICAL DESCRIPTION | |
| Extent | xxi, 369p. |
| 350 ## - | |
| -- | 0.00 |
| 650 #0 - SUBJECT ADDED ENTRY--TOPICAL TERM | |
| Topical term or geographic name entry element | BUSINESS |
| 650 ## - SUBJECT ADDED ENTRY--TOPICAL TERM | |
| Topical term or geographic name entry element | AUTOBIOGRAPGHY, AMERICAN BUSINESS |
| 995 ## - | |
| -- | BINDERY (DAMAGED) |
| -- | 0.00 |
| -- | 704795 |
| -- | CBU-MAIN LIBRARY (Kitwe) |
| -- | 2 |
| -- | 0.00 |
| -- | HF 5391 Aut |
| -- | 2 |
| -- | DAMAGED |
| -- | 004871 |
| -- | Main Library Open Access Collection |
| 995 ## - | |
| -- | BINDERY (DAMAGED) |
| -- | 0.00 |
| -- | 704794 |
| -- | CBU-MAIN LIBRARY (Kitwe) |
| -- | 1 |
| -- | 0.00 |
| -- | HF 5391 Aut |
| -- | 1 |
| -- | DAMAGED |
| -- | 004870 |
| -- | Main Library Open Access Collection |
| 999 ## - | |
| -- | 84473 |
| -- | 84473 |
| Withdrawn status | Lost status | Source of classification or shelving scheme | Damaged status | Not for loan | Permanent Location | Current Location | Shelving location | Date acquired | Total Checkouts | Full call number | Barcode | Date last seen | Copy number | Price effective from | Koha item type |
|---|---|---|---|---|---|---|---|---|---|---|---|---|---|---|---|
| CBU-MAIN LIBRARY, KITWE. | CBU-MAIN LIBRARY, KITWE. | 01/25/2024 | HF 5391 Aut | 004871 | 01/25/2024 | 1 | 01/25/2024 | MONOGRAPH | |||||||
| CBU-MAIN LIBRARY, KITWE. | CBU-MAIN LIBRARY, KITWE. | 01/25/2024 | HF 5391 Aut | 004870 | 01/25/2024 | 2 | 01/25/2024 | MONOGRAPH |